Представление документа в формате RUSMARC

ПолеНазваниеЗначение
  Тип записи a
  Библиографический уровень m
001 Контрольный номер RU/SLIB/B/208737208
005 Дата корректировки 20240620095932.0
010 Индекс ISBN __
d Цена 0-55
101 Язык документа 0_
a Язык текста rus
200 Заглавие и сведения об ответственности 1_
a Заглавие Перед лицом великих озер
b Общее обозначение материала Текст
210 Выходные данные 1_
a Место издания Л.
c Издательство Гидрометеоиздат
d Дата издания 1987
215 Физическое описание __
a Объем 128 с.
c Иллюстрации/тип воспроизводства ил.
606 Тематические рубрики __
a Основная рубрика Гидрология суши
610 Ключевые слова 0_
a Ключевые слова озера; водные системы; вода; загрязнение вод
686 Индексы других классификаций __
a Классификационный индекс 26.222.6; ст26.222.6
700 Автор _1
a Фамилия Гусаков
b Имя Б. Л.
4 Код отношения 070
701 Альтернативная интеллектуальная ответственность _1
a Фамилия Петрова
b Имя Н. А.
801 Источник записи _0
a Страна RU
b Организация Муниципальное бюджетное учреждение культуры "Централизованная библиотечная система" г. Сургут (Центральная городская библиотека им. А. С. Пушкина)
g Правила каталогизации КиК/Уланова
801 Источник записи _1
a Страна RU
b Организация Муниципальное бюджетное учреждение культуры "Централизованная библиотечная система" г. Сургут (Центральная городская библиотека им. А. С. Пушкина)
g Правила каталогизации КиК/Уланова
852 Данные о местонахождении __
j Шифр хранения 26.222.6
c Каталожный индекс 26.222.6
i Авторский знак Г 96
p Инвентарный номер 29859
901 Тип документа __
t Тип документа m
990 Данные о заказе (DOS) __
j Количество экземпляров (DOS) 2
t N записи в КСУ для И/У (DOS) 199101